| 000 | 00710cam a2200217 a 4500 | ||
|---|---|---|---|
| 001 | sa 67002906 | ||
| 003 | DLC | ||
| 005 | 20260227112334.0 | ||
| 008 | 860227s1962 ii d 000 0 maro | ||
| 010 | _asa 67002906 | ||
| 040 |
_aDLC _cDLC |
||
| 041 | 0 |
_amar _aeng |
|
| 050 | 0 | 0 |
_aJQ205 _b.A52 |
| 110 | 1 |
_aMaharashtra (India). _bDirectorate of Languages. |
|
| 245 | 1 | 0 |
_aPadanāma kośa : _bIṅgrajī-Marāṭhī. |
| 260 |
_aMumbaī : _bBhāshā San̄cālanālaya, Mahārāshṭra Śāsana, _c[1962] |
||
| 300 |
_a3, 2, 246, 166 p. ; _c21 cm. |
||
| 546 | _aIn Marathi and English. | ||
| 650 | 0 |
_aPublic administration _zIndia _zMaharashtra _vTerminology. |
|
| 650 | 0 |
_aEnglish language _vDictionaries _xMarathi. |
|
| 999 |
_c73513 _d73513 |
||